La Declaración de La Haya sobre el CPI
Gorde:
| Formatua: | Texto |
|---|---|
| Gaiak: | |
| Etiketak: |
Etiketa erantsi
Etiketarik gabe, Izan zaitez lehena erregistro honi etiketa jartzen!
|
MARC
| LEADER | 00000 a a2200000 04500 | ||
|---|---|---|---|
| 001 | 6316 | ||
| 003 | |||
| 040 | |||
| 245 | |a La Declaración de La Haya sobre el CPI | ||
| 650 | |a ONU | ||
| 650 | |a ACUERDOS INTERNACIONALES | ||
| 650 | |a ESTADO | ||
| 650 | |a DERECHOS HUMANOS | ||
| 650 | |a PAZ | ||
| 650 | |a CONVIVENCIA PACIFICA | ||
| 650 | |a EQUIDAD SOCIAL | ||
| 650 | |a DISCRIMINACION | ||
| 650 | |a ORGANISMOS NO GUBERNAMENTALES | ||
| 650 | |a POLITICA | ||
| 650 | |a DERECHO INTERNACIONAL | ||
| 773 | |g volumen 20, número 883; páginas 14-16 | ||
| 999 | |c 39526 |d 39526 | ||
